书目信息 |
| 题名: |
开心歇后语
|
|
| 作者: | 彬彬 主编 | |
| 分册: | 下 | |
| 出版信息: | 海拉尔 内蒙古文化出版社 2009.06 |
|
| 页数: | 171-344页 | |
| 开本: | 20cm | |
| 丛书名: | 休闲开心书系 | |
| 单 册: | ||
| 中图分类: | I277.7 | |
| 科图分类: | ||
| 主题词: | 漫画--作品集--中国--现代 | |
| 电子资源: | ||
| ISBN: | 978-7-80506-995-1 | |
| 000 | 00835nam 2200277 450 | |
| 001 | 012001069518 | |
| 005 | 20100816111856.07 | |
| 010 | @a978-7-80506-995-1@dCNY29.90@z978-7-80506-995-6 | |
| 100 | @a20100515d2009 em y0chiy0110 ea | |
| 101 | 0 | @achi |
| 102 | @aCN@b150000 | |
| 102 | @aCN | |
| 105 | @aa z 000yy | |
| 200 | 1 | @a开心歇后语@Akai xin xie hou yu@h下@f彬彬主编 |
| 205 | @a第2版 | |
| 210 | @a海拉尔@c内蒙古文化出版社@d2009.06 | |
| 210 | @a海拉尔@c内蒙古文化出版社 | |
| 215 | @a171-344页@c图@d20cm | |
| 225 | 2 | @a休闲开心书系 |
| 330 | @a本书由古代流传及近代民俗习语中的精品佳作编选而成,是青少年及成年人休闲时的最佳读物。 | |
| 410 | 0 | @12001 @a休闲开心书系@v6 |
| 606 | 0 | @a漫画@x作品集@y中国@z现代 |
| 690 | @aI277.7@v4 | |
| 701 | 0 | @a彬彬@Abin bin@4主编 |
| 801 | 0 | @c20100515 |
| 905 | @dI277.7@eB820=2:2@f3 | |
| 开心歇后语.下/彬彬主编.-第2版.-海拉尔:内蒙古文化出版社,2009.06.-海拉尔:内蒙古文化出版社 |
| 171-344页:图;20cm.-(休闲开心书系) |
| ISBN 978-7-80506-995-1:CNY29.90 |
| 本书由古代流传及近代民俗习语中的精品佳作编选而成,是青少年及成年人休闲时的最佳读物。 |
| ● |
| 相关链接 |
|
|
|
正题名:开心歇后语
索取号:I277.7/B820=2:2
 
预约/预借
| 序号 | 登录号 | 条形码 | 馆藏地/架位号 | 状态 | 备注 |
| 1 | 1030028 | 210300280 | 社科二线422/422社科库 8排1列2层/ [索取号:I277.7/B820=2:2] | 在馆 | |
| 2 | 1030029 | 210300299 | 文学库116/116文学库 12排6列4层/ [索取号:I277.7/B820=2:2] | 在馆 | |
| 3 | 1030030 | 210300306 | 文学库116/422社科库 26排22列4层/ [索取号:I277.7/B820=2:2] | 在馆 |